| 000 | 00371nam a22001697a 4500 | ||
|---|---|---|---|
| 999 |
_c11020 _d11020 |
||
| 003 | OSt | ||
| 008 | 211027b ||||| |||| 00| 0 eng d | ||
| 020 | _a9788187057628 | ||
| 082 | _a158.1 CAT | ||
| 100 | _aCARNEGIE,Dale | ||
| 245 | _aThe Leader in You | ||
| 250 | _aed | ||
| 260 |
_aNew Delhi _bLDS Marketing |
||
| 300 | _a208 | ||
| 650 | _aMBA | ||
| 942 |
_2ddc _cBK _02 |
||